000 004000000a22001690004500
003 MACL
005 20151007141603.0
008 151007b xxu||||| |||| 00| 0 eng d
040 _aMACL
_cMACL
041 _aEnglish
082 _a920
100 _aSen, R N
_914048
245 _aIn Clive Street
260 _bTritech Associates
_c1981
_aCalcutta
650 _aBiography
_914049
942 _cBK
_k920
_2ddc
999 _c6097
_d6097